LEADER 03160nam 2200661 450 001 9910461465203321 005 20210727145404.0 010 $a1-118-58176-8 010 $a1-118-58169-5 035 $a(CKB)3710000000464077 035 $a(EBL)1977578 035 $a(SSID)ssj0001530268 035 $a(PQKBManifestationID)12628813 035 $a(PQKBTitleCode)TC0001530268 035 $a(PQKBWorkID)11530045 035 $a(PQKB)10141626 035 $a(PQKBManifestationID)16226378 035 $a(PQKB)22459665 035 $a(MiAaPQ)EBC4036479 035 $a(MiAaPQ)EBC1977578 035 $a(DLC) 2015015682 035 $a(JP-MeL)3000065222 035 $a(Au-PeEL)EBL4036479 035 $a(CaPaEBR)ebr11111083 035 $a(OCoLC)927508465 035 $a(EXLCZ)993710000000464077 100 $a20151105h20152015 uy 0 101 0 $aeng 135 $aur|n|---||||| 181 $ctxt 182 $cc 183 $acr 200 10$aBioinformatics and functional genomics /$fJonathan Pevsner 205 $aThird edition. 210 1$aChichester, England :$cWiley Blackwell,$d2015. 210 4$dİ2015 215 $a1 online resource (1161 p.) 300 $aDescription based upon print version of record. 311 $a1-118-58178-4 320 $aIncludes bibliographical references at the end of each chapters and indexes. 327 $aAccess to sequence data and related information -- Pairwise sequence alignment -- Basic local alignment search tool (blast) -- Advanced database searching -- Multiple sequence alignment -- Molecular phylogeny and evolution -- Dna : the eukaryotic chromosome -- Analysis of next-generation sequence data -- Bioinformatic approaches to ribonucleic acid (rna) -- Gene expression : microarray and rna-seq data analysis -- Protein analysis and proteomics -- Protein structure -- Functional genomics -- Genomes across the tree of life -- Completed genomes : viruses -- Completed genomes : bacteria and archaea -- Eukaryotic genomes : fungi -- Eukaryotic genomes : from parasites to primates -- Human genome -- Human disease. 330 $aThe bestselling introduction to bioinformatics and genomics - now in its third editionWidely received in its previous editions, Bioinformatics and Functional Genomics offers the most broad-based introduction to this explosive new discipline. Now in a thoroughly updated and expanded third edition, it continues to be the go-to source for students and professionals involved in biomedical research.This book provides up-to-the-minute coverage of the fields of bioinformatics and genomics. 606 $aBioinformatics 606 $aGenomics$xData processing 606 $aMolecular biology$xData processing 608 $aElectronic books. 615 0$aBioinformatics. 615 0$aGenomics$xData processing. 615 0$aMolecular biology$xData processing. 676 $a572.80285 700 $aPevsner$b Jonathan$f1961-$0508242 801 0$bMiAaPQ 801 1$bMiAaPQ 801 2$bMiAaPQ 906 $aBOOK 912 $a9910461465203321 996 $aBioinformatics and functional genomics$9774959 997 $aUNINA